| 000 | 00996nam a2200229Ia 4500 | ||
|---|---|---|---|
| 003 | Ost | ||
| 005 | 20260507075053.0 | ||
| 008 | 260507s9999||||xx |||||||||||||| ||und|| | ||
| 020 | _a9957414048 | ||
| 040 | _cfsecg | ||
| 041 | _aara | ||
| 082 | _a657.42 | ||
| 100 |
_aالأخرس، عاطف _eمؤلف |
||
| 245 | 0 |
_aمحاسبة التكاليف الصناعية / _c عاطف الأخرس |
|
| 260 |
_aعمان: _bدار البركة, _c2001 |
||
| 300 |
_a264 صفحة؛ _bإيضاحات ؛ _c24 سم |
||
| 504 | _aالمراجع ص.264 | ||
| 520 | _aمقدمة في محاسبة التكاليف، نظام التكاليف، أنواع التكاليف، عناصر التكاليف، قوائم الأعمال، نظام تكاليف أوامر التشغيل، نظام تكاليف مراحل التشغيل، نظريات التكاليف | ||
| 653 | _aمحاسبة التكاليف | ||
| 700 |
_aإيمان الهنيني وآخرون _eمؤلف ثانوي |
||
| 942 | _cكتاب | ||
| 999 |
_c42700 _d42700 |
||